000
00293nam a22001337a 4500
020
_a
978-93-84321-61-1
082
_a
823
_b
SWI/J
100
_a
SWIFT, JONATHAN
245
_a
GULLIVER'S TRAVELS
260
_a
THRISSUR
_b
H&C
300
_a
48
650
_a
ENGLISH SHORT STORY
_z
KERALA
942
_c
BK
999
_c
3604
_d
3604